• 首页
  • 本馆介绍
  • 公告通知
  • 最新文献
  • 馆藏检索
  • 电子资源
  • 读者导购
  • 参考咨询
  • 我的图书馆
  • 登录
  • 详细信息显示
  • 放入我的书架
  • 预约/预借图书
  • 作者相关作品
  • 分类相关作品
  • 丛书相关作品
  • 出版社相关作品

书目信息

  • 表格格式
  • 工作单格式
  • 卡片格式
题名:
战后日本文化语境中的“池田鲁迅”研究
    
 
作者: 卓光平, 著
分册:  
出版信息: 北京   中国社会科学出版社  2018
页数: 322页
开本: 24cm
丛书名:
单 册:
中图分类: I210 , I313.065
科图分类:
主题词: 鲁迅研究--lu xun yan jiu
电子资源:
ISBN: 978-7-5203-1694-1
000 01810nam0 2200289 450
001 012001008096
005 20131022101827.0
010    @a978-7-5203-1694-1@dCNY89.00
099    @aCAL 012018044624
100    @a20180424d2018 em y0chiy50 ea
101 0  @achi
102    @aCN@b110000
105    @ay a 000yy
106    @ar
200 1  @a战后日本文化语境中的“池田鲁迅”研究@Azhan hou ri ben wen hua yu jing zhong de“ chi tian lu xun” yan jiu@f卓光平著
210    @a北京@c中国社会科学出版社@d2018
215    @a322页@d24cm
300    @a浙江省哲社规划课题“战后日本文化语境中的‘池田鲁迅’研究”(14NDJC081YB)最终成果 绍兴文理学院出版基金资助出版
320    @a有书目 (第300-317页)
330    @a池田大作是当今域外传播鲁迅影响最大的人士之一。然而,长期以来,学界对鲁迅在日本接受与传播的研究主要聚焦于日本的“学院鲁迅”,却对池田大作对鲁迅的接受与传播缺乏足够关注。本书在细致梳理前人对该课题研究的基础上,不仅提出了“池田鲁迅”这一学术概念,来涵盖池田大作在接受与传播鲁迅过程中的思想认识和价值实践等方面的内容,而且还从战后文化语境对池田大作“鲁迅情结”生成的影响,池田大作与鲁迅生命感应下的“鲁迅像”建构,池田大作从民众主义立场出发对鲁迅小说的再解读,池田大作在“人性革命”的价值探寻中对鲁迅“人学”思想的阐释,池田大作在创价学会价值理念的实践中对鲁迅价值思想的继承,以及“池田鲁迅”的研究特质、研究范式及研究影响等六个方面对该课题进行了深入系统的研究。本书对“池田鲁迅”的本质内涵和现实指向的深入探讨,从一个重要侧面揭示了鲁迅在日本社会中所产生的深刻影响,对我们更进一步认识和把握鲁迅之于东亚乃至世界的当代价值无疑具有重要意义。
600  0 @a池田大作,@Achi tian da zuo@f1928-@x文学研究
606    @a鲁迅研究@Alu xun yan jiu
690    @aI210@v5
690    @aI313.065@v5
701  0 @a卓光平,@Azhuo guang ping@f1982-@4著
801  2 @aCN@b上海新华@c20191020
905    @b1177912-5@dI210@e378@f4
    
    战后日本文化语境中的“池田鲁迅”研究/卓光平著.-北京:中国社会科学出版社,2018
    322页;24cm
    浙江省哲社规划课题“战后日本文化语境中的‘池田鲁迅’研究”(14NDJC081YB)最终成果 绍兴文理学院出版基金资助出版
    
    ISBN 978-7-5203-1694-1:CNY89.00
    池田大作是当今域外传播鲁迅影响最大的人士之一。然而,长期以来,学界对鲁迅在日本接受与传播的研究主要聚焦于日本的“学院鲁迅”,却对池田大作对鲁迅的接受与传播缺乏足够关注。本书在细致梳理前人对该课题研究的基础上,不仅提出了“池田鲁迅”这一学术概念,来涵盖池田大作在接受与传播鲁迅过程中的思想认识和价值实践等方面的内容,而且还从战后文化语境对池田大作“鲁迅情结”生成的影响,池田大作与鲁迅生命感应下的“鲁迅像”建构,池田大作从民众主义立场出发对鲁迅小说的再解读,池田大作在“人性革命”的价值探寻中对鲁迅“人学”思想的阐释,池田大作在创价学会价值理念的实践中对鲁迅价值思想的继承,以及“池田鲁迅”的研究特质、研究范式及研究影响等六个方面对该课题进行了深入系统的研究。本书对“池田鲁迅”的本质内涵和现实指向的深入探讨,从一个重要侧面揭示了鲁迅在日本社会中所产生的深刻影响,对我们更进一步认识和把握鲁迅之于东亚乃至世界的当代价值无疑具有重要意义。
●
相关链接 在E读中查询图书 在五车中查询图书 在当当中查询图书 在豆瓣中查询图书


正题名:战后日本文化语境中的"池田鲁迅"研究     索取号:I210/378         预约/预借

序号 登录号 条形码 馆藏地/架位号 状态 备注
1 1177912   211779128   第一样本阅览室/ [索取号:I210/378] 在馆    
2 1177913   211779137   第二借阅区/ [索取号:I210/378] 在馆    
3 1177914   211779146   第二借阅区/ [索取号:I210/378] 在馆    
4 1177915   211779155   第二借阅区/ [索取号:I210/378] 在馆    
唐山师范学院图书馆 欢迎您!
大连网信软件有限公司© 版权所有